00505nam a22001697a 450000500170000001000150001702000260003203500130005803700130007108200100008410000200009424500770011426000320019127000400022330000220026350000500028520100820145220.0 aENG-101049 c200.00a9788183687898 aEN-84582 bDBAD/PUB a954.3 aNarasiah, K R A aMadras :cby K R A NarasiahbTracing the growth of the city since 1639 / aChennaibOxygen Booksc2008 a33/15, Eldams RoadbChennaie600018 a278p.c21cm (pbk) aincludes bibliographical references and index